UBT Library

American democracy now / (Record no. 41885)

000 -LEADER
fixed length control field 00789cam a2200253 a 4500
001 - CONTROL NUMBER
control field 15503695
005 - DATE AND TIME OF LATEST TRANSACTION
control field 20180206041857.0
008 - FIXED-LENGTH DATA ELEMENTS--GENERAL INFORMATION
fixed length control field 081029s2008 mau b 001 0 eng
010 ## - LIBRARY OF CONGRESS CONTROL NUMBER
LC control number 2008047487
020 ## - INTERNATIONAL STANDARD BOOK NUMBER
International Standard Book Number 9780073526270 (alk. paper)
020 ## - INTERNATIONAL STANDARD BOOK NUMBER
International Standard Book Number 0073526274 (alk. paper)
040 ## - CATALOGING SOURCE
Original cataloging agency DLC
Transcribing agency DLC
041 ## - LANGUAGE CODE
Language code of text/sound track or separate title eng
043 ## - GEOGRAPHIC AREA CODE
Geographic area code n-us---
080 ## - UNIVERSAL DECIMAL CLASSIFICATION NUMBER
Universal Decimal Classification number 320.473 HAR
082 00 - DEWEY DECIMAL CLASSIFICATION NUMBER
Classification number 320.473 HAR
Edition number 22
100 ## - Rafti
Rafti 19
101 ## - Shkurtesa
Shkurtesa POL
245 00 - TITLE STATEMENT
Title American democracy now /
Statement of responsibility, etc Brigid Callahan Harrison ... [et al.].
504 ## - BIBLIOGRAPHY, ETC. NOTE
Bibliography, etc Includes bibliographical references and index.
906 ## - LOCAL DATA ELEMENT F, LDF (RLIN)
a 7
b cbc
c orignew
d 1
e ecip
f 20
g y-gencatlg
942 ## - ADDED ENTRY ELEMENTS (KOHA)
Source of classification or shelving scheme
Item type Books
Holdings
Withdrawn status Lost status Source of classification or shelving scheme Damaged status Not for loan Collection code Permanent location Current location Shelving location Date acquired Total Checkouts Full call number Barcode Date last seen Price effective from Koha item type
          Koleksioni i përgjithshem UBT - Lipjan UBT - Lipjan Koleksioni i përgjithshem 02/06/2018   320.473 HAR 002-2999326 02/06/2018 02/06/2018 Books
UBT Library © 2015-2024. All rights reserved University Education for Business and Technology